| 000 -LEADER |
| fixed length control field |
01811nam a22004097a 4500 |
| 001 - CONTROL NUMBER |
| control field |
12106161 |
| 003 - CONTROL NUMBER IDENTIFIER |
| control field |
OSt |
| 005 - DATE AND TIME OF LATEST TRANSACTION |
| control field |
20210414083953.0 |
| 008 - FIXED-LENGTH DATA ELEMENTS--GENERAL INFORMATION |
| fixed length control field |
000714m20009999nyua 001 0 eng |
| 010 ## - LIBRARY OF CONGRESS CONTROL NUMBER |
| LC control number |
00059634 |
| 020 ## - INTERNATIONAL STANDARD BOOK NUMBER |
| International Standard Book Number |
0525945725 (v. 1 : alk. paper) |
| 020 ## - INTERNATIONAL STANDARD BOOK NUMBER |
| International Standard Book Number |
0525946233 (v. 2 : alk. paper) |
| 020 ## - INTERNATIONAL STANDARD BOOK NUMBER |
| International Standard Book Number |
0525947736 (v. 3 : alk. paper) |
| 040 ## - CATALOGING SOURCE |
| Original cataloging agency |
DLC |
| Transcribing agency |
DLC |
| Modifying agency |
DLC |
| Language of cataloging |
eng |
| 041 ## - LANGUAGE CODE |
| Language code of text/sound track or separate title |
eng |
| 042 ## - AUTHENTICATION CODE |
| Authentication code |
pcc |
| 050 00 - LIBRARY OF CONGRESS CALL NUMBER |
| Classification number |
BF431 |
| Item number |
.N67 2000 |
| 080 ## - UNIVERSAL DECIMAL CLASSIFICATION NUMBER |
| Universal Decimal Classification number |
821.111 |
| Item number |
N-82 |
| 082 00 - DEWEY DECIMAL CLASSIFICATION NUMBER |
| Classification number |
081 |
| Edition number |
21 |
| 100 1# - MAIN ENTRY--PERSONAL NAME |
| Personal name |
Northcutt, Wendy. |
| 245 14 - TITLE STATEMENT |
| Title |
The Darwin awards / Volume I |
| Statement of responsibility, etc. |
Evolution in Action |
| Remainder of title |
/ by: A Plume Book |
| 260 ## - PUBLICATION, DISTRIBUTION, ETC. |
| Place of publication, distribution, etc. |
New York |
| Name of publisher, distributor, etc. |
A Plume Book |
| Date of publication, distribution, etc. |
c2000-<c2003> |
| 300 ## - PHYSICAL DESCRIPTION |
| Extent |
v. <1-3> : vol. 1 - 327 p. vol. 2 - 240 p. vol. 3 - 252 p. |
| Other physical details |
ill. |
| Dimensions |
20 cm. |
| 365 ## - TRADE PRICE |
| Price amount |
13 usd |
| 500 ## - GENERAL NOTE |
| General note |
Includes index. |
| 505 1# - FORMATTED CONTENTS NOTE |
| Formatted contents note |
[1] Evolution in action -- 2. Unnatural selection -- 3. Survival of the fittest. |
| 650 #0 - SUBJECT ADDED ENTRY--TOPICAL TERM |
| Topical term or geographic name entry element |
Stupidity |
| Form subdivision |
Anecdotes. |
| 650 #0 - SUBJECT ADDED ENTRY--TOPICAL TERM |
| Topical term or geographic name entry element |
English literature |
| 9 (RLIN) |
254 |
| 653 ## - INDEX TERM--UNCONTROLLED |
| Uncontrolled term |
ინგლისური ლიტერატურა |
| 856 41 - ELECTRONIC LOCATION AND ACCESS |
| Materials specified |
Sample text |
| Uniform Resource Identifier |
<a href="http://www.loc.gov/catdir/enhancements/fy0719/00059634-s.html">http://www.loc.gov/catdir/enhancements/fy0719/00059634-s.html</a> |
| 856 42 - ELECTRONIC LOCATION AND ACCESS |
| Materials specified |
Contributor biographical information |
| Uniform Resource Identifier |
<a href="http://www.loc.gov/catdir/enhancements/fy0719/00059634-b.html">http://www.loc.gov/catdir/enhancements/fy0719/00059634-b.html</a> |
| 856 42 - ELECTRONIC LOCATION AND ACCESS |
| Materials specified |
Publisher description |
| Uniform Resource Identifier |
<a href="http://www.loc.gov/catdir/enhancements/fy0719/00059634-d.html">http://www.loc.gov/catdir/enhancements/fy0719/00059634-d.html</a> |
| 856 41 - ELECTRONIC LOCATION AND ACCESS |
| Materials specified |
Table of contents only |
| Uniform Resource Identifier |
<a href="http://www.loc.gov/catdir/enhancements/fy0719/00059634-t.html">http://www.loc.gov/catdir/enhancements/fy0719/00059634-t.html</a> |
| 906 ## - LOCAL DATA ELEMENT F, LDF (RLIN) |
| a |
7 |
| b |
cbc |
| c |
orignew |
| d |
1 |
| e |
ocip |
| f |
20 |
| g |
y-gencatlg |
| 942 ## - ADDED ENTRY ELEMENTS (KOHA) |
| Source of classification or shelving scheme |
|
| Koha item type |
Books |